[Event "Panamericano de Ajedrez Sub 20"]
[Site "Cali"]
[Date "2010.05.24"]
[Round "7"]
[Board "2"]
[White "Chumpitaz, Ann"]
[Black "Romero Echeverria, Abigail"]
[Result "1-0"]
[WhiteElo "2047"]
[BlackElo "2054"]
[PlyCount "113"]
[EventDate "2010.05.20"]
[EventRounds "9"]
[EventCountry "COL"]

1.e4 c5 2.Nc3 e6 3.Nf3 a6 4.a4 b6 5.d4 cxd4 6.Nxd4 Bb7 7.Be3 d6 8.Bd3 Nf6 9.O-O
Be7 10.f4 Qc7 11.Qf3 Nc6 12.Qg3 g6 13.Nxc6 Bxc6 14.Bd4 O-O 15.f5 e5 16.Be3 Bb7
17.Bh6 Rfe8 18.fxg6 fxg6 19.Qh3 Qc8 20.Qf3 Qg4 21.Be3 Qxf3 22.gxf3 Nd7 23.Bc4+
Kg7 24.Rad1 Rac8 25.Be6 Bc6 26.Bxd7 Bxd7 27.Bxb6 Rc4 28.a5 Bf8 29.Rf2 Rec8
30.Rd3 Be6 31.Rdd2 Rb4 32.Nd1 Rb5 33.b3 d5 34.exd5 Rxd5 35.c4 Rdc5 36.Rfe2 e4
37.Rxe4 Rg5+ 38.Kf2 Bh3 39.Ne3 Bb4 40.Rd5 Rxd5 41.Nxd5 Bd6 42.Re1 Bd7 43.Rd1 Bf5
44.Ne3 Bxh2 45.Nxf5+ gxf5 46.Rd7+ Kg6 47.Ra7 f4 48.Kg2 Bg3 49.Bf2 Bxf2 50.Kxf2
Rd8 51.Rxa6+ Kg5 52.Re6 Rb8 53.Rb6 Rd8 54.a6 Rd2+ 55.Ke1 Ra2 56.b4 h5 57.Rb5+  1-0

[Event "Panamericano de Ajedrez Sub 20"]
[Site "Cali"]
[Date "2010.05.24"]
[Round "7"]
[Board "3"]
[White "Mendoza Velazquez, Lorena Aleja"]
[Black "Castrillon Gomez, Melissa"]
[Result "1/2-1/2"]
[WhiteElo "2063"]
[BlackElo "2051"]
[PlyCount "50"]
[EventDate "2010.05.20"]
[EventRounds "9"]
[EventCountry "COL"]

1.d4 Nf6 2.c4 g6 3.Nc3 Bg7 4.Nf3 O-O 5.e4 d6 6.Be3 e5 7.dxe5 dxe5 8.Qxd8 Rxd8
9.Nd5 Nxd5 10.cxd5 c6 11.Bc4 b5 12.Bb3 Bb7 13.dxc6 Nxc6 14.Bd5 Rd7 15.Rd1 Rad8
16.Ke2 Kf8 17.Rd2 Nd4+ 18.Nxd4 Bxd5 19.exd5 exd4 20.Bxd4 Bxd4 21.Rxd4 Rxd5
22.Rxd5 Rxd5 23.Rc1 b4 24.Rc7 Ra5 25.Rb7 Ra4  1/2-1/2

[Event "Panamericano de Ajedrez Sub 20"]
[Site "Cali"]
[Date "2010.05.24"]
[Round "7"]
[Board "4"]
[White "Ramirez, Heimy Polgar"]
[Black "Chirivi C, Jenny Astrid"]
[Result "1-0"]
[WhiteElo "2027"]
[BlackElo "2169"]
[PlyCount "111"]
[EventDate "2010.05.20"]
[EventRounds "9"]
[EventCountry "COL"]

1.d4 d5 2.e3 e6 3.Nf3 c6 4.Bd3 f5 5.c4 Nf6 6.Nc3 Bd6 7.O-O O-O 8.a3 Ne4 9.Ne5
Nd7 10.f4 a5 11.Nxe4 fxe4 12.Be2 Qe7 13.Bd2 Nf6 14.Qe1 a4 15.Bb4 c5 16.Bc3 b6
17.Qh4 Bb7 18.g4 dxc4 19.Bxc4 Nd5 20.Qxe7 Bxe7 21.Bxd5 exd5 22.Rac1 Rfd8 23.g5
Rac8 24.h4 Ba6 25.Rfe1 cxd4 26.Bxd4 Bc5 27.Kf2 g6 28.Red1 Kf8 29.Ng4 Bxd4
30.exd4 Ke7 31.Nf6 Rxc1 32.Rxc1 Bc4 33.Nxe4 b5 34.Nf6 h5 35.Re1+ Kf7 36.Re5 Bb3
37.Re3 Bc4 38.Kg3 Ba2 39.f5 b4 40.fxg6+ Kxg6 41.axb4 Rb8 42.Re6 Kf7 43.Ra6 Rxb4
44.Nxh5 Rxb2 45.Rxa4 Bb1 46.Ra7+ Kg8 47.Nf4 Be4 48.Kg4 Rb6 49.Rd7 Rb5 50.h5 Kf8
51.g6 Rb1 52.Nxd5 Rf1 53.Nf4 Rg1+ 54.Kh4 Kg8 55.Ne6 Bxg6 56.Rg7+  1-0

[Event "Panamericano de Ajedrez Sub 20"]
[Site "Cali"]
[Date "2010.05.24"]
[Round "7"]
[Board "5"]
[White "Heredia Serrano, Carla"]
[Black "Rodriguez Rueda, Paula Andrea"]
[Result "1-0"]
[WhiteElo "2095"]
[BlackElo "2076"]
[PlyCount "133"]
[EventDate "2010.05.20"]
[EventRounds "9"]
[EventCountry "COL"]

1.e4 c5 2.Nf3 d6 3.d4 cxd4 4.Nxd4 Nf6 5.Nc3 a6 6.g3 e5 7.Nde2 Be7 8.Bg2 Nbd7
9.O-O b6 10.h3 Bb7 11.g4 Nc5 12.Ng3 g6 13.Bh6 Ne6 14.Qd2 Rc8 15.Rad1 Qc7 16.Nge2
b5 17.a3 Qc4 18.f3 a5 19.b3 Qc6 20.Rc1 b4 21.axb4 axb4 22.Na2 d5 23.Kh1 dxe4
24.Nxb4 Qb6 25.c3 Bxb4 26.cxb4 Rxc1 27.Qxc1 Qxb4 28.f4 Nd7 29.fxe5 Nxe5 30.Qa1
Qb5 31.Nd4 Nxd4 32.Qxd4 e3 33.Qa4 Qxa4 34.bxa4 Bxg2+ 35.Kxg2 e2 36.Re1 Kd7
37.Bg7 Nd3 38.Rxe2 Nf4+ 39.Kf3 Nxe2 40.Bxh8 Ng1+ 41.Kg3 f5 42.gxf5 gxf5 43.h4
Ne2+ 44.Kf3 Nc1 45.a5 Nd3 46.a6 Kc7 47.Bd4 Nb4 48.a7 Kb7 49.Kf4 Nc6 50.Bc5 Nd8
51.Kxf5 Nf7 52.Be3 Nd6+ 53.Ke6 Ne4 54.Ke5 Ng3 55.Kf4 Nf1 56.Bc1 Kxa7 57.Kf3 Nh2+
58.Kg3 Nf1+ 59.Kg2 Kb7 60.Kxf1 Kc6 61.Kf2 Kd5 62.Kf3 Ke5 63.Kg4 Kf6 64.Kh5 Kg7
65.Bb2+ Kf7 66.Kh6 Kg8 67.Ba1  1-0

[Event "Panamericano de Ajedrez Sub 20"]
[Site "Cali"]
[Date "2010.05.24"]
[Round "7"]
[Board "6"]
[White "Cordero, Daniela"]
[Black "Orejuela Chango, Paulina"]
[Result "0-1"]
[WhiteElo "1996"]
[BlackElo "1982"]
[PlyCount "98"]
[EventDate "2010.05.20"]
[EventRounds "9"]
[EventCountry "COL"]

1.Nf3 d5 2.g3 c6 3.Bg2 Nf6 4.O-O Bf5 5.b3 e6 6.Bb2 h6 7.c4 Be7 8.d4 O-O 9.Nbd2
Nbd7 10.Ne5 Rc8 11.f3 Re8 12.e4 Bh7 13.Nxd7 Nxd7 14.f4 dxe4 15.Nxe4 Nf6 16.Nc3
Qc7 17.Qf3 Rcd8 18.Rad1 Rd7 19.g4 Bb4 20.g5 hxg5 21.fxg5 Bxc3 22.Qxc3 Ng4 23.Qh3
Bf5 24.Rde1 Red8 25.Qh4 g6 26.d5 f6 27.gxf6 e5 28.Rxf5 gxf5 29.Qg5+ Kf8 30.Ba3+
c5 31.Qxf5 Qa5 32.Re2 Qxa3 33.Qxg4 Qc1+ 34.Kf2 Qf4+ 35.Qxf4 exf4 36.Re4 Rf7
37.Rxf4 Rd6 38.Bh3 Rdxf6 39.Rxf6 Rxf6+ 40.Kg3 Ra6 41.Bc8 Rxa2 42.Bxb7 Rb2 43.Bc6
Rxb3+ 44.Kg4 a5 45.h4 Rb4 46.Bb5 a4 47.d6 a3 48.Kf5 a2 49.Ke6 a1=Q  0-1

[Event "Panamericano de Ajedrez Sub 20"]
[Site "Cali"]
[Date "2010.05.24"]
[Round "7"]
[Board "7"]
[White "Salazar Loor, Sara"]
[Black "Rodriguez, Sofia"]
[Result "1-0"]
[WhiteElo "1979"]
[BlackElo "1929"]
[PlyCount "113"]
[EventDate "2010.05.20"]
[EventRounds "9"]
[EventCountry "COL"]

1.e4 c5 2.Nf3 d6 3.d4 cxd4 4.Nxd4 Nf6 5.Nc3 a6 6.Be3 e5 7.Nb3 Be6 8.f3 Nbd7
9.Qd2 h5 10.Nd5 Bxd5 11.exd5 Qc7 12.c4 Be7 13.Be2 O-O 14.O-O Nb6 15.Rac1 Qd8
16.Na5 Rb8 17.b4 Nbd7 18.Rfd1 Re8 19.c5 dxc5 20.d6 Bf8 21.bxc5 e4 22.c6 bxc6
23.Nxc6 Qc8 24.Ne7+ Bxe7 25.Rxc8 Rbxc8 26.dxe7 Rxe7 27.Bxa6 Rce8 28.f4 Ng4
29.Bb5 Nxe3 30.Qxe3 Rd8 31.Bxd7 Rexd7 32.Rxd7 Rxd7 33.Qxe4 Rd1+ 34.Kf2 Rd2+
35.Kg3 Rxa2 36.Qe8+ Kh7 37.Qxf7 Ra3+ 38.Kf2 Ra5 39.f5 Ra6 40.Qxh5+ Rh6 41.Qf7
Kh8 42.h3 Kh7 43.g4 Rf6 44.Qc7 Kg8 45.Kg3 Kh7 46.h4 Kg8 47.Kf4 g6 48.Kg5 Rf7
49.Qd8+ Rf8 50.Qd5+ Kg7 51.Qe5+ Kg8 52.fxg6 Rc8 53.Kh6 Kf8 54.g7+ Kf7 55.Qf5+
Ke8 56.Qxc8+ Ke7 57.g8=Q  1-0

[Event "Panamericano de Ajedrez Sub 20"]
[Site "Cali"]
[Date "2010.05.24"]
[Round "7"]
[Board "9"]
[White "Pachon, Adriana"]
[Black "Mencos, Claudia"]
[Result "1-0"]
[WhiteElo "1940"]
[BlackElo "1925"]
[PlyCount "77"]
[EventDate "2010.05.20"]
[EventRounds "9"]
[EventCountry "COL"]

1.e4 c5 2.c3 d5 3.exd5 Qxd5 4.d4 Nc6 5.Nf3 Bg4 6.Be2 cxd4 7.cxd4 e6 8.Nc3 Qa5
9.O-O Nf6 10.h3 Bh5 11.Bf4 Nd5 12.Nxd5 Qxd5 13.Rc1 Rd8 14.g4 Bg6 15.Bc4 Qa5
16.Qe2 Be7 17.Bb5 Qxa2 18.Bxc6+ bxc6 19.Rxc6 Qd5 20.Rc7 h5 21.Ne5 hxg4 22.Nxg6
fxg6 23.Qxg4 Qf5 24.Qxf5 gxf5 25.Re1 Kf7 26.Bg5 Rhe8 27.Ra1 Kf8 28.Raxa7 Bxg5
29.Rf7+ Kg8 30.Rxg7+ Kh8 31.Rh7+ Kg8 32.Rag7+ Kf8 33.Rxg5 Rxd4 34.Rg6 Rd6 35.h4
Rb6 36.h5 Rxb2 37.h6 Reb8 38.Rgg7 Ke8 39.Rh8#  1-0

[Event "Panamericano de Ajedrez Sub 20"]
[Site "Cali"]
[Date "2010.05.25"]
[Round "8"]
[Board "1"]
[White "Salazar, Aura Cristina"]
[Black "Heredia Serrano, Carla"]
[Result "1-0"]
[WhiteElo "2135"]
[BlackElo "2095"]
[PlyCount "76"]
[EventDate "2010.05.20"]
[EventRounds "9"]
[EventCountry "COL"]

1.e4 e6 2.d3 d5 3.Nd2 c5 4.Ngf3 Nc6 5.g3 g6 6.Bg2 Bg7 7.O-O Nge7 8.Re1 O-O 9.Qe2
b6 10.e5 Qc7 11.Nf1 h6 12.h4 Ba6 13.Bf4 b5 14.N1h2 Nf5 15.c3 Rad8 16.g4 Nfe7
17.Qd2 d4 18.cxd4 Nxd4 19.Nxd4 Rxd4 20.Nf3 Rdd8 21.Bxh6 b4 22.h5 Bxd3 23.Qg5 Nd5
24.Rad1 c4 25.Nd4 Qe7 26.Nc6 Qxg5 27.Bxg5 Rd7 28.Bxd5 exd5 29.Nxb4 Rb8 30.Nxd3
cxd3 31.hxg6 Rxb2 32.Rxd3 Bf8 33.Rd2 Rb4 34.f4 Rc7 35.gxf7+ Kxf7 36.e6+ Ke8
37.Rxd5 Be7 38.Bxe7 Rxe7  1-0

[Event "Panamericano de Ajedrez Sub 20"]
[Site "Cali"]
[Date "2010.05.25"]
[Round "8"]
[Board "2"]
[White "Chumpitaz, Ann"]
[Black "Ramirez, Heimy Polgar"]
[Result "1/2-1/2"]
[WhiteElo "2047"]
[BlackElo "2027"]
[PlyCount "104"]
[EventDate "2010.05.20"]
[EventRounds "9"]
[EventCountry "COL"]

1.e4 c5 2.Nf3 d6 3.d4 cxd4 4.Nxd4 Nf6 5.Nc3 g6 6.Be3 Bg7 7.f3 Nc6 8.Qd2 O-O
9.O-O-O Bd7 10.g4 Rc8 11.h4 h5 12.gxh5 Nxh5 13.Be2 Ne5 14.Bh6 Nc4 15.Bxc4 Rxc4
16.Bxg7 Kxg7 17.Rdg1 e5 18.Nde2 Be6 19.Rg5 Rh8 20.Rd1 Nf6 21.Qxd6 Qxd6 22.Rxd6
Ne8 23.Rd8 f6 24.Rg1 Rc8 25.Rxc8 Bxc8 26.Rh1 Kf7 27.Ng3 Ng7 28.Nb5 Ke7 29.a4 a6
30.Nc3 Be6 31.Nce2 Bc4 32.Kd2 Ne6 33.Ke3 Ng7 34.Nc3 Be6 35.Nb1 f5 36.exf5 Bxf5
37.Rh2 Nh5 38.Ne4 Bxe4 39.Kxe4 Ke6 40.Rg2 Nf6+ 41.Kd3 Rxh4 42.Rxg6 Rxa4 43.Nc3
Rd4+ 44.Ke3 Kf7 45.Rg5 Nd5+ 46.Nxd5 Rxd5 47.c3 Kf6 48.Rh5 Kg6 49.Rh2 Rb5 50.Ke4
b6 51.Rd2 Kf6 52.Rd6+ Ke7  1/2-1/2

[Event "Panamericano de Ajedrez Sub 20"]
[Site "Cali"]
[Date "2010.05.25"]
[Round "8"]
[Board "3"]
[White "Orozco, Lina Yomayra"]
[Black "Mendoza Velazquez, Lorena Aleja"]
[Result "1/2-1/2"]
[WhiteElo "2081"]
[BlackElo "2063"]
[PlyCount "68"]
[EventDate "2010.05.20"]
[EventRounds "9"]
[EventCountry "COL"]

1.e4 c5 2.Nf3 Nc6 3.d4 cxd4 4.Nxd4 Nf6 5.Nc3 e5 6.Ndb5 d6 7.Bg5 a6 8.Na3 b5
9.Nd5 Be7 10.Bxf6 Bxf6 11.c3 O-O 12.g3 Be6 13.Bg2 Bxd5 14.Qxd5 Ne7 15.Qd3 Qb6
16.h4 g6 17.O-O Rad8 18.Nc2 Bg7 19.Ne3 Kh8 20.Nd5 Nxd5 21.Qxd5 f5 22.Bf3 Rf6
23.Rac1 Rdf8 24.Rc2 Bh6 25.b3 f4 26.g4 g5 27.h5 Rc8 28.Qd3 Rf7 29.c4 Rfc7
30.Rfc1 b4 31.Rd2 Bf8 32.Rcd1 h6 33.Qc2 a5 34.Rd5 Kg7  1/2-1/2

[Event "Panamericano de Ajedrez Sub 20"]
[Site "Cali"]
[Date "2010.05.25"]
[Round "8"]
[Board "4"]
[White "Castrillon Gomez, Melissa"]
[Black "Salazar Loor, Sara"]
[Result "0-1"]
[WhiteElo "2051"]
[BlackElo "1979"]
[PlyCount "76"]
[EventDate "2010.05.20"]
[EventRounds "9"]
[EventCountry "COL"]

1.e4 c5 2.Nc3 Nc6 3.f4 d6 4.Bb5 Bd7 5.Bxc6 Bxc6 6.Nf3 Nf6 7.d3 g6 8.O-O Bg7
9.Qe1 O-O 10.f5 b5 11.Qh4 e6 12.fxe6 fxe6 13.Ng5 Qd7 14.Be3 b4 15.Ne2 e5 16.Rf3
h6 17.Nh3 g5 18.Nxg5 hxg5 19.Bxg5 Nh7 20.Rh3 Nxg5 21.Qxg5 Qd8 22.Qh5 Rf6 23.Ng3
Rh6 24.Qg4 Bd7 25.Nf5 Bxf5 26.exf5 Rxh3 27.Qxh3 Qf6 28.Rf1 Rf8 29.g4 e4 30.Qg2
Qd4+ 31.Kh1 exd3 32.cxd3 Qxd3 33.h4 Bxb2 34.g5 Be5 35.f6 Qc4 36.f7+ Rxf7 37.Rxf7
Qxf7 38.g6 Qf4  0-1

[Event "Panamericano de Ajedrez Sub 20"]
[Site "Cali"]
[Date "2010.05.25"]
[Round "8"]
[Board "6"]
[White "Rodriguez Rueda, Paula Andrea"]
[Black "Orejuela Chango, Paulina"]
[Result "1-0"]
[WhiteElo "2076"]
[BlackElo "1982"]
[PlyCount "101"]
[EventDate "2010.05.20"]
[EventRounds "9"]
[EventCountry "COL"]

1.d4 d5 2.c4 e6 3.Nc3 Be7 4.Nf3 Nf6 5.Bg5 h6 6.Bh4 O-O 7.e3 Nbd7 8.Be2 c6 9.O-O
b6 10.Qc2 Bb7 11.cxd5 exd5 12.Rad1 Rc8 13.Qf5 Re8 14.Bd3 Nf8 15.Ne5 g6 16.Qf3
Kg7 17.e4 a6 18.exd5 cxd5 19.Rfe1 N8d7 20.Qg3 Nh5 21.Bxe7 Rxe7 22.Nxf7 Rxe1+
23.Rxe1 Qf6 24.Qd6 Rf8 25.Qxf6+ Kxf6 26.Nd6 Bc6 27.Bxa6 Rd8 28.Bb7 Nb8 29.Bxc6
Nxc6 30.Nxd5+ Kg7 31.Ne8+ Kf7 32.Nec7 Nxd4 33.Re7+ Kg8 34.Re8+ Rxe8 35.Nxe8 Kf7
36.Nec7 b5 37.b4 Ng7 38.Nc3 Nc2 39.N3xb5 Nxb4 40.a4 Nc6 41.Kf1 Nf5 42.Ke2 Ke7
43.Kd3 g5 44.Ke4 Nh4 45.g3 Ng6 46.Kf5 Nge5 47.a5 Nc4 48.a6 Nd6+ 49.Nxd6 Kxd6
50.Nb5+ Kc5 51.a7  1-0

[Event "Panamericano de Ajedrez Sub 20"]
[Site "Cali"]
[Date "2010.05.25"]
[Round "8"]
[Board "7"]
[White "Chirivi C, Jenny Astrid"]
[Black "Cordero, Daniela"]
[Result "1-0"]
[WhiteElo "2169"]
[BlackElo "1996"]
[PlyCount "63"]
[EventDate "2010.05.20"]
[EventRounds "9"]
[EventCountry "COL"]

1.d4 d5 2.c4 c6 3.Nf3 Nf6 4.Qc2 a6 5.g3 b5 6.b3 g6 7.Bf4 Bf5 8.Qc1 Nbd7 9.Bg2
Qa5+ 10.Nbd2 bxc4 11.bxc4 Bg7 12.O-O Ne4 13.Nb3 Qa4 14.Ne5 Nxe5 15.dxe5 O-O
16.f3 Nd6 17.exd6 Bxa1 18.dxe7 Rfe8 19.Qxa1 Rxe7 20.g4 Bd7 21.Nc5 Qxc4 22.Bd6
Rae8 23.Bxe7 Rxe7 24.Nxd7 Rxd7 25.Rb1 d4 26.Qb2 c5 27.Qb8+ Kg7 28.Qe5+ f6 29.Qe8
Qd5 30.f4 Qd6 31.Rb8 c4 32.g5  1-0

[Event "Panamericano de Ajedrez Sub 20"]
[Site "Cali"]
[Date "2010.05.25"]
[Round "8"]
[Board "8"]
[White "Rodriguez, Sofia"]
[Black "Pachon, Adriana"]
[Result "0-1"]
[WhiteElo "1929"]
[BlackElo "1940"]
[PlyCount "172"]
[EventDate "2010.05.20"]
[EventRounds "9"]
[EventCountry "COL"]

1.e4 e5 2.Nf3 Nc6 3.Bb5 Nge7 4.c3 g6 5.d4 exd4 6.cxd4 d5 7.Ne5 a6 8.Bxc6+ Nxc6
9.Nc3 Nxe5 10.dxe5 d4 11.Nd5 Bg7 12.Bf4 Be6 13.Nb4 c5 14.Nc2 O-O 15.O-O Qc7
16.Ne1 Bc4 17.Nd3 Bxd3 18.Qxd3 Bxe5 19.Bxe5 Qxe5 20.Rac1 Rac8 21.a4 Rfe8 22.f3
Red8 23.Rc2 Qe8 24.b3 Rd6 25.Rfc1 Rdc6 26.b4 cxb4 27.Rxc6 Rxc6 28.Rxc6 Qxc6
29.Qxd4 Qc1+ 30.Kf2 Qc2+ 31.Kg3 Qc3 32.Qd6 b3 33.e5 Qc6 34.Qb4 Qe6 35.f4 b6
36.h4 h5 37.Kh2 Qg4 38.Qxb3 Qxh4+ 39.Kg1 Qxf4 40.e6 Qc1+ 41.Kh2 Qc7+ 42.Kg1 fxe6
43.Qxe6+ Kg7 44.Qe4 Qd7 45.Qe5+ Kh7 46.Qe2 a5 47.Qa6 Qc6 48.Qa7+ Kg8 49.Qb8+ Kf7
50.Qf4+ Ke7 51.Qe5+ Kd7 52.Qg7+ Kc8 53.Qf8+ Kb7 54.Qe7+ Ka6 55.Qe2+ b5 56.axb5+
Qxb5 57.Qc2 a4 58.Qc8+ Ka5 59.Qc3+ Qb4 60.Qe5+ Ka6 61.Qe2+ Qb5 62.Qc2 a3 63.Qc8+
Ka5 64.Qc3+ Qb4 65.Qe5+ Ka4 66.Qe8+ Kb3 67.Qe6+ Kb2 68.Qe2+ Ka1 69.Kh2 Qf4+
70.Kg1 a2 71.Qd1+ Kb2 72.Qe2+ Kb3 73.Qb5+ Ka3 74.Qd3+ Kb4 75.Qd1 Qe3+ 76.Kh1 Qc3
77.Qd6+ Kb3 78.Qb6+ Ka3 79.Qa7+ Kb2 80.Qb6+ Kc1 81.Qg1+ Kc2 82.Qf2+ Qd2 83.Qc5+
Kd1 84.Qa3 Qe1+ 85.Kh2 Qe5+ 86.Kh1 a1=Q  0-1

[Event "Panamericano de Ajedrez Sub 20"]
[Site "Cali"]
[Date "2010.05.25"]
[Round "8"]
[Board "9"]
[White "Mencos, Claudia"]
[Black "Mesa, Brenda Sofia"]
[Result "1-0"]
[WhiteElo "1925"]
[BlackElo "1829"]
[PlyCount "53"]
[EventDate "2010.05.20"]
[EventRounds "9"]
[EventCountry "COL"]

1.e4 c5 2.Nf3 d6 3.d4 cxd4 4.Nxd4 Nf6 5.Nc3 Nc6 6.Be2 e6 7.O-O Be7 8.Kh1 a6 9.a4
O-O 10.f4 Qb6 11.Be3 Qc7 12.Nb3 a5 13.Bd3 Qd8 14.Nb5 Re8 15.c3 b6 16.Qe1 Nd7
17.Bc2 Nc5 18.N3d4 Bb7 19.Rd1 Qb8 20.Qg3 Kh8 21.Nxc6 Bxc6 22.Bd4 Rg8 23.Rde1 Qb7
24.e5 d5 25.f5 exf5 26.Rxf5 f6 27.Qh3  1-0

[Event "Panamericano de Ajedrez Sub 20"]
[Site "Cali"]
[Date "2010.05.25"]
[Round "8"]
[Board "10"]
[White "Chavez, Diana Maria"]
[Black "Barba, Deina Alexandra"]
[Result "1/2-1/2"]
[WhiteElo "1834"]
[BlackElo "1701"]
[PlyCount "40"]
[EventDate "2010.05.20"]
[EventRounds "9"]
[EventCountry "COL"]

1.d4 d5 2.Nf3 Nf6 3.c4 dxc4 4.Nc3 e6 5.Bg5 Be7 6.e4 a6 7.Bxc4 b5 8.Bd3 O-O 9.O-O
Bb7 10.Rc1 Nfd7 11.Bxe7 Qxe7 12.a3 Nf6 13.b4 Nbd7 14.Bb1 Rad8 15.Qc2 e5 16.d5
Nb6 17.Nd2 c6 18.dxc6 Bxc6 19.Ba2 Bb7 20.Rfd1 Rc8  1/2-1/2

[Event "Panamericano de Ajedrez Sub 20"]
[Site "Cali"]
[Date "2010.05.26"]
[Round "9"]
[Board "1"]
[White "Mendoza Velazquez, Lorena Aleja"]
[Black "Salazar, Aura Cristina"]
[Result "0-1"]
[WhiteElo "2063"]
[BlackElo "2135"]
[PlyCount "70"]
[EventDate "2010.05.20"]
[EventRounds "9"]
[EventCountry "COL"]

1.c4 Nf6 2.g3 g6 3.Bg2 Bg7 4.Nf3 O-O 5.Nc3 d6 6.O-O Nc6 7.d3 e5 8.e4 Bd7 9.Rb1
a5 10.a3 Nd4 11.Nxd4 exd4 12.Ne2 Ne8 13.f4 Rb8 14.f5 b5 15.cxb5 Bxb5 16.a4 Bd7
17.Nf4 Nf6 18.g4 g5 19.Nh3 h6 20.Nxg5 hxg5 21.Bxg5 Qe8 22.b3 Nh7 23.Bf4 Qe7
24.Qe1 Be5 25.Qxa5 Bxf4 26.Rxf4 Qe5 27.Qd2 Bxa4 28.g5 Rxb3 29.Rxb3 Bxb3 30.Rh4
Ra8 31.Qe2 Ra1+ 32.Bf1 Qg7 33.Rg4 Bd1 34.Qb2 Bxg4 35.Qxa1 Qxg5  0-1

[Event "Panamericano de Ajedrez Sub 20"]
[Site "Cali"]
[Date "2010.05.26"]
[Round "9"]
[Board "2"]
[White "Salazar Loor, Sara"]
[Black "Chumpitaz, Ann"]
[Result "1/2-1/2"]
[WhiteElo "1979"]
[BlackElo "2047"]
[PlyCount "39"]
[EventDate "2010.05.20"]
[EventRounds "9"]
[EventCountry "COL"]

1.e4 c5 2.Nf3 Nc6 3.d4 cxd4 4.Nxd4 Nf6 5.Nc3 e5 6.Ndb5 d6 7.Bg5 a6 8.Na3 b5
9.Nd5 Be7 10.Bxf6 Bxf6 11.c3 O-O 12.Nc2 Bg5 13.a4 bxa4 14.Rxa4 a5 15.Bc4 Rb8
16.b3 Kh8 17.O-O f5 18.exf5 Bxf5 19.Nce3 Bg6 20.Qe2  1/2-1/2

[Event "Panamericano de Ajedrez Sub 20"]
[Site "Cali"]
[Date "2010.05.26"]
[Round "9"]
[Board "3"]
[White "Ramirez, Heimy Polgar"]
[Black "Orozco, Lina Yomayra"]
[Result "0-1"]
[WhiteElo "2027"]
[BlackElo "2081"]
[PlyCount "48"]
[EventDate "2010.05.20"]
[EventRounds "9"]
[EventCountry "COL"]

1.d4 Nf6 2.Nf3 c5 3.e3 a6 4.Bd3 e6 5.O-O b5 6.b3 Bb7 7.dxc5 Bxc5 8.Bb2 d5 9.Nbd2
Nbd7 10.Ne5 h5 11.Ndf3 Bd6 12.Nxd7 Qxd7 13.a4 b4 14.Ne5 Qc7 15.f4 Rg8 16.Nf3 Ng4
17.Qe2 Bc5 18.Bd4 Bxd4 19.Nxd4 Nf6 20.Rfd1 g6 21.Nf3 Kf8 22.Qd2 Qb6 23.Nd4 Kg7
24.Rac1 {ilegible} a5  0-1

[Event "Panamericano de Ajedrez Sub 20"]
[Site "Cali"]
[Date "2010.05.26"]
[Round "9"]
[Board "4"]
[White "Chirivi C, Jenny Astrid"]
[Black "Romero Echeverria, Abigail"]
[Result "1/2-1/2"]
[WhiteElo "2169"]
[BlackElo "2054"]
[PlyCount "104"]
[EventDate "2010.05.20"]
[EventRounds "9"]
[EventCountry "COL"]

1.d4 Nf6 2.c4 g6 3.Nc3 d5 4.cxd5 Nxd5 5.e4 Nxc3 6.bxc3 Bg7 7.Be3 O-O 8.Qd2 c5
9.Nf3 Bg4 10.Rb1 Qa5 11.Rxb7 Bxf3 12.gxf3 cxd4 13.cxd4 Qxd2+ 14.Kxd2 Nc6 15.d5
Rfd8 16.Bb5 Nd4 17.Bxd4 Bxd4 18.Rxe7 Bxf2 19.Rb1 Rab8 20.Bd3 Bb6 21.Ba6 Kf8
22.Rb7 Rxb7 23.Bxb7 Rb8 24.Ba6 Ba5+ 25.Kc2 Rxb1 26.Kxb1 Bc7 27.h3 g5 28.Kc2 Ke7
29.Kd3 Kd6 30.Kc4 f6 31.Bc8 h6 32.Kb5 Bb6 33.Bf5 Bf2 34.a4 Bg1 35.Kc4 Bf2 36.Kd3
Kc5 37.Bc8 Bg3 38.e5 Bxe5 39.Ke4 Kd6 40.Bg4 a5 41.Bh5 Bb2 42.Bf7 Ke7 43.Be6 Bc1
44.Kf5 h5 45.h4 gxh4 46.Kg6 Be3 47.Kxh5 Bf2 48.Kg6 Bg3 49.Bh3 Kd6 50.Kxf6 Kxd5
51.Kf5 Kc5 52.Ke4 Kb4  1/2-1/2

[Event "Panamericano de Ajedrez Sub 20"]
[Site "Cali"]
[Date "2010.05.26"]
[Round "9"]
[Board "5"]
[White "Heredia Serrano, Carla"]
[Black "Castrillon Gomez, Melissa"]
[Result "1-0"]
[WhiteElo "2095"]
[BlackElo "2051"]
[PlyCount "59"]
[EventDate "2010.05.20"]
[EventRounds "9"]
[EventCountry "COL"]

1.e4 c5 2.Nf3 d6 3.Bb5+ Nc6 4.Bxc6+ bxc6 5.h3 Nf6 6.e5 Nd7 7.O-O d5 8.e6 fxe6
9.Re1 Nf6 10.d4 g6 11.dxc5 Bg7 12.Bf4 O-O 13.Be5 Qa5 14.Qd4 Nh5 15.b4 Qa4 16.c3
Rf4 17.Qd2 Bxe5 18.Nxe5 Rf8 19.Qe3 Ng7 20.g4 a5 21.a3 Rd8 22.Nd2 d4 23.cxd4 axb4
24.axb4 Qxa1 25.Rxa1 Rxa1+ 26.Kh2 Bb7 27.Ndc4 Rb1 28.Na5 Ra8 29.Nxb7 Rxb4 30.Nd8
 1-0

[Event "Panamericano de Ajedrez Sub 20"]
[Site "Cali"]
[Date "2010.05.26"]
[Round "9"]
[Board "6"]
[White "Pachon, Adriana"]
[Black "Rodriguez Rueda, Paula Andrea"]
[Result "0-1"]
[WhiteElo "1940"]
[BlackElo "2076"]
[PlyCount "120"]
[EventDate "2010.05.20"]
[EventRounds "9"]
[EventCountry "COL"]

1.e4 c5 2.c3 Nf6 3.e5 Nd5 4.Nf3 Nc6 5.Bc4 Nb6 6.Bb3 c4 7.Bc2 d5 8.exd6 e5 9.O-O
Bxd6 10.Re1 O-O 11.d3 Bg4 12.h3 Bh5 13.dxc4 f5 14.c5 Bxc5 15.Qxd8 Raxd8 16.Bb3+
Bf7 17.Bxf7+ Rxf7 18.Bg5 Re8 19.Be3 Bxe3 20.fxe3 Rd7 21.Nbd2 Na4 22.Rab1 Rd3
23.e4 f4 24.Nb3 Red8 25.Kf2 h6 26.h4 b6 27.Na1 Kf7 28.Nc2 Kf6 29.h5 Nc5 30.Re2
Rd1 31.Rxd1 Rxd1 32.Nfe1 Kg5 33.Na3 Kxh5 34.Nb5 g5 35.Nc7 g4 36.Nd5 Nxe4+
37.Rxe4 Rxd5 38.Ke2 Kg5 39.Rc4 Rd6 40.Nd3 Kf5 41.Nf2 h5 42.b4 b5 43.Rc5 a6
44.Nd3 h4 45.Nf2 Ne7 46.Rc7 Nd5 47.Rh7 Nxc3+ 48.Ke1 g3 49.Rh5+ Kg6 50.Rxe5 gxf2+
51.Kxf2 Nxa2 52.Kf3 Nxb4 53.Kg4 Nd3 54.Rg5+ Kh6 55.Rh5+ Kg6 56.Rg5+ Kf7 57.Kxh4
Rh6+ 58.Kg4 Rg6 59.Rxg6 Kxg6 60.Kf3 b4  0-1

[Event "Panamericano de Ajedrez Sub 20"]
[Site "Cali"]
[Date "2010.05.26"]
[Round "9"]
[Board "7"]
[White "Orejuela Chango, Paulina"]
[Black "Garcia, Linda Alexandra"]
[Result "1-0"]
[WhiteElo "1982"]
[BlackElo "1612"]
[PlyCount "69"]
[EventDate "2010.05.20"]
[EventRounds "9"]
[EventCountry "COL"]

1.e4 e6 2.d4 d5 3.e5 c5 4.c3 Nc6 5.Nf3 Bd7 6.dxc5 Bxc5 7.b4 Be7 8.b5 Na5 9.Bd3
Rc8 10.Qe2 Nc4 11.a4 Qa5 12.Ra2 a6 13.bxa6 bxa6 14.O-O Nh6 15.Nd4 Nf5 16.Bxf5
exf5 17.e6 fxe6 18.Nxe6 Rc6 19.Nxg7+ Kd8 20.Nh5 Re6 21.Qc2 Re4 22.Ng3 Rg4 23.Nd2
Nxd2 24.Bxd2 Rhg8 25.h3 R4g6 26.Bf4 h5 27.Rb1 Qc5 28.Rb8+ Bc8 29.Qxf5 h4 30.Rd2
Bd6 31.Rxd5 Qxc3 32.Bxd6 Qe1+ 33.Kh2 Rxd6 34.Qxc8+ Ke7 35.Rb7+  1-0

[Event "Panamericano de Ajedrez Sub 20"]
[Site "Cali"]
[Date "2010.05.26"]
[Round "9"]
[Board "9"]
[White "Cordero, Daniela"]
[Black "Chavez, Diana Maria"]
[Result "1-0"]
[WhiteElo "1996"]
[BlackElo "1834"]
[PlyCount "61"]
[EventDate "2010.05.20"]
[EventRounds "9"]
[EventCountry "COL"]

1.d4 c5 2.e3 e6 3.Nf3 d5 4.c4 Nf6 5.Nc3 cxd4 6.exd4 b6 7.cxd5 Nxd5 8.Bb5+ Bd7
9.Bxd7+ Qxd7 10.Ne5 Qc7 11.Qa4+ Nd7 12.Nxd5 exd5 13.Bf4 Bd6 14.Rc1 Qb7 15.O-O b5
16.Qb3 O-O 17.Qg3 Nxe5 18.dxe5 Bb8 19.Rc3 d4 20.Rf3 Qe4 21.Qg5 Re8 22.h3 Bxe5
23.Rc1 a6 24.Rc5 Bxf4 25.Rxf4 Qb1+ 26.Kh2 Qxb2 27.Rc7 Rf8 28.Qd5 Rad8 29.Rfxf7
d3 30.Rxg7+ Kh8 31.Rxh7#  1-0